Geology of the Missouri Valley in South Dakota, (Record no. 28058)
[ view plain ]
| 000 -LEADER | |
|---|---|
| fixed length control field | 01010cam a22002771 4500 |
| 001 - CONTROL NUMBER | |
| control field | gs 46000022 |
| 003 - CONTROL NUMBER IDENTIFIER | |
| control field | DLC |
| 005 - DATE AND TIME OF LATEST TRANSACTION | |
| control field | 20260227111351.0 |
| 008 - FIXED-LENGTH DATA ELEMENTS--GENERAL INFORMATION | |
| fixed length control field | 790612s1946 sduab b s000 0 eng c |
| 010 ## - LIBRARY OF CONGRESS CONTROL NUMBER | |
| LC control number | gs 46000022 |
| 035 ## - SYSTEM CONTROL NUMBER | |
| System control number | (OCoLC)5057324 |
| 040 ## - CATALOGING SOURCE | |
| Original cataloging agency | U.S. Geol. Survey. Library |
| Transcribing agency | TxCM |
| Modifying agency | OCoLC |
| -- | DLC |
| 042 ## - AUTHENTICATION CODE | |
| Authentication code | premarc |
| 050 00 - LIBRARY OF CONGRESS CALL NUMBER | |
| Classification number | QE164.M5 |
| Item number | P4 |
| 082 ## - DEWEY DECIMAL CLASSIFICATION NUMBER | |
| Classification number | 557.83 |
| 100 1# - MAIN ENTRY--PERSONAL NAME | |
| Personal name | Petsch, Bruno Carl, |
| Dates associated with a name | 1901- |
| 245 10 - TITLE STATEMENT | |
| Title | Geology of the Missouri Valley in South Dakota, |
| Statement of responsibility, etc. | by Bruno C. Petsch. |
| 260 ## - PUBLICATION, DISTRIBUTION, ETC. | |
| Place of publication, distribution, etc. | Vermillion, S.D., |
| Name of publisher, distributor, etc. | University of South Dakota, |
| Date of publication, distribution, etc. | 1946. |
| 300 ## - PHYSICAL DESCRIPTION | |
| Extent | 3 p. l., 78 p. |
| Other physical details | maps, profiles, diagrs. |
| Dimensions | 28 cm. |
| 490 0# - SERIES STATEMENT | |
| Series statement | South Dakota. State Geologist. Report of investigations, |
| Volume/sequential designation | no. 53 |
| 500 ## - GENERAL NOTE | |
| General note | At head of title: State of South Dakota ... State Geological Survey ... |
| 500 ## - GENERAL NOTE | |
| General note | Part of illustrative matter is folded in pocket. |
| 504 ## - BIBLIOGRAPHY, ETC. NOTE | |
| Bibliography, etc. note | Bibliographical foot-notes. |
| 650 #0 - SUBJECT ADDED ENTRY--TOPICAL TERM | |
| Topical term or geographic name entry element | Geology |
| Geographic subdivision | South Dakota |
| -- | Missouri Valley. |
| 651 #0 - SUBJECT ADDED ENTRY--GEOGRAPHIC NAME | |
| Geographic name | Missouri River Valley. |
No items available.